Statistics for Premier League Teams 23/24 - Tottenham Hotspur

Click here to take the quiz!

General Stats

  • This quiz has been taken 27 times
  • The average score is 11 of 21

Answer Stats

QuestionAnswer% Correct
What is their nickname?The Lilywhites/Spurs
100%
What is the colour of their home kit?White
100%
Who is their head Coach?Ange Postecoglou
96%
Which team is their closest rival?Arsenal
96%
What is the name of their stadium?Tottenham Hotspur Stadium
96%
Who is the chairman?Daniel Levy
92%
How many top division titles have they won?Two
85%
With 280 goals, who is their record goal scorer?Harry Kane
77%
Which company sponsors their kit?AIA
73%
...and what does it mean in English?To dare is to do
69%
Which year did they win their most recent top division title?1961
50%
Who is the owner of the club? (If more than one owner, use the person/company with the majority stake)ENIC International Ltd. (86.58%)
38%
What is their motto?Audere est Facere
31%
How many consecutive seasons in the top division?46
27%
Their biggest loss was against FC Köln in 1995. What was the score?8-0
27%
Their record home attendance was against Bayer Leverkusen in 2016, how many were there. (To the nearest 1,000)85,512 (It was played at their temporary home, Wembley Stadium)
23%
Their youngest first team player was only 16 years, 163 days. What was his name?Alfie Devine
19%
With 854 games, who has played the most for them?Steve Perryman
19%
Their oldest first team player was 42 years, 176 days. Who was it?Brad Friedel
15%
Their record cup win was 13-2 in 1960. Who was it against?Crewe Alexandra
8%
Their record league win was 9-0 in 1977. Who was it against?Bristol Rovers
4%

Score Distribution

Percentile by Number Answered

Percent of People with Each Score

Your Score History

You have not taken this quiz